JetPunk Jeopardy #1 – the Pilot Episode! - Statistics

General Stats
  • This quiz has been taken 36 times
  • The average score is 16 of 75
Answers on the Map
Answers color-coded by a green-red scale on the quiz's map according to % correct below.
 
Answer Stats
Hint Answer Points % Correct
What is the most popular quiz on JetPunk? Countries of the World Quiz 100
91%
Who is the owner of this site? Quizmaster 100
63%
How many languages are featured? 9 300
57%
9 300
57%
9 300
57%
What country is consistently argued for what continent it is? Cyprus 200
57%
Cyprus 200
57%
What OTHER website are we competing against? Sporcle 100
57%
What type of images are used as "maps" in quizzes? SVG 200
54%
SVG 200
54%
Tokyo isn't the most populated city. What is? Guangzhou 400
51%
Guangzhou 400
51%
Guangzhou 400
51%
Guangzhou 400
51%
Which JetPunker is famous for his large amount of comments? kalbahamut 200
37%
kalbahamut 200
37%
What is the most earned badge? 196 100
34%
How many badges are there? 33 300
34%
33 300
34%
33 300
34%
What country do we "hate"? Belgium 300
31%
Belgium 300
31%
Belgium 300
31%
What does MB stand for? Message Board 100
31%
What badge has the most quizzes? Country Trivia 200
23%
Country Trivia 200
23%
When did the JetPunk shop end? December 31, 2024 200
17%
December 31, 2024 200
17%
Who is consistently the most active member of the Discord? MasterRocket 300
17%
MasterRocket 300
17%
MasterRocket 300
17%
What is the least earned badge? Greece 400
14%
Greece 400
14%
Greece 400
14%
Greece 400
14%
Who was the self-proclaimed "King of JetPunk"? relessness 300
14%
relessness 300
14%
relessness 300
14%
What was Jeppy's original name? Ike 500
11%
Ike 500
11%
Ike 500
11%
Ike 500
11%
Ike 500
11%
What day on the MB is described as "the Purge"? [Month+Day] April 6 400
9%
April 6 400
9%
April 6 400
9%
April 6 400
9%
Who has the highest level, standing high with 163? kimad 500
9%
kimad 500
9%
kimad 500
9%
kimad 500
9%
kimad 500
9%
What is the highest-ranked user without a featured quiz? clown666w 400
3%
clown666w 400
3%
clown666w 400
3%
clown666w 400
3%
What is the least played quiz in the Welcome badge? Oscar Best Pictures Quiz 500
3%
Oscar Best Pictures Quiz 500
3%
Oscar Best Pictures Quiz 500
3%
Oscar Best Pictures Quiz 500
3%
Oscar Best Pictures Quiz 500
3%
What quiz was affected by the September 4 Incident? Planets of the Solar System Quiz 500
3%
Planets of the Solar System Quiz 500
3%
Planets of the Solar System Quiz 500
3%
Planets of the Solar System Quiz 500
3%
Planets of the Solar System Quiz 500
3%
How many entries are on the Countries Iceberg? 1045 500
0%
1045 500
0%
1045 500
0%
1045 500
0%
1045 500
0%
What is the only quiz "hard-coded" onto the site? Random Category Elimination 400
0%
Random Category Elimination 400
0%
Random Category Elimination 400
0%
Random Category Elimination 400
0%
No matching quizzes found
Score Distribution
Percent of People with Each Score
Percentile by Number Answered
Your Score History
You have not taken this quiz